00355nam a2200157Ia 4500008004000000041000800040082001100048100003100059245003600090260001900126650000800145650001500153650001100168650001000179650000800189210210b1944 xxu||||| |||| 00| 0 eng d aeng a920/79 aMASANI (Murray) and others aSocialists and the polish cause aAundhb-c1944 athe aSocialists apolish acause aand